logo

Bir Sreshtho Munshi Abdur Rouf Library
Jhenaidah Cadet College

প্যারাময় লাইফের প্যারাসিটামল / (Record no. 11776)

MARC details
000 -LEADER
fixed length control field 00719nam a2200241 a 4500
001 - CONTROL NUMBER
JCCL Control Number 11776
003 - CONTROL NUMBER IDENTIFIER
JCCL marc code BD-JhCC
005 - DATE AND TIME OF LATEST TRANSACTION
control field 20220804134023.0
008 - FIXED-LENGTH DATA ELEMENTS--GENERAL INFORMATION
fixed length control field 201013b 2019bg a|||| ||a| 000 0 ben d
020 ## - INTERNATIONAL STANDARD BOOK NUMBER
International Standard Book Number 9789848040263
035 ## - SYSTEM CONTROL NUMBER
system control number (BD-JhCC)11776
040 ## - CATALOGING SOURCE
Original cataloging agency BD-JhCC
Modifying agency BD-JhCC
041 ## - LANGUAGE CODE
Language code of Book ben
082 ## - DEWEY DECIMAL CLASSIFICATION NUMBER
Classification number 158
Author mark and Year MAH 2019
100 ## - MAIN ENTRY--PERSONAL NAME
Personal name মাহবুব, ঝংকার
245 ## - TITLE STATEMENT
Title প্যারাময় লাইফের প্যারাসিটামল /
Statement of responsibility, etc ঝংকার মাহবুব ।
260 ## - PUBLICATION, DISTRIBUTION, ETC. (IMPRINT)
Place of publication, distribution, etc ঢাকা:
Name of publisher, distributor, etc আদর্শ;
Date of publication, distribution, etc ২০২০.
300 ## - PHYSICAL DESCRIPTION
Pagination 124 p. :
Other physical details ill;
Dimensions 22 cm.
650 ## - SUBJECT ADDED ENTRY--TOPICAL TERM
Topical term or geographic name as entry element success
650 ## - SUBJECT ADDED ENTRY--TOPICAL TERM
Topical term or geographic name as entry element Motivation
942 ## - ADDED ENTRY ELEMENTS (KOHA)
Source of classification or shelving scheme Dewey Decimal Classification
Koha item type Books
Koha issues (borrowed), all copies 8
Holdings
Source of classification or shelving scheme Damaged status Not for loan Home library Current library Shelving location Date of accession Cost, normal purchase price Total Checkouts Full call number Barcode Date last seen Date checked out Copy number Method of acquisition Koha item type Currency Source of acquisition
Dewey Decimal Classification     JCC Rouf Library JCC Rouf Library General Stacks 10/13/2020 260.00 10 158 MAH 2019 15769 11/12/2025 11/05/2025 C-1 Purchase Books BDT  
Dewey Decimal Classification     JCC Rouf Library JCC Rouf Library General Stacks 11/02/2020 195.00 11 158 MAH 2019 16198 08/04/2025 07/30/2025 C-2   Books   Lt. Gen. Mahfuzur Rahman (10th intake)

JCC Library | Contacts | JCC Home

Last Update on 23 September 2017
Copyright @ 2017-2020 JCC Rouf Library
Rouf Library, Jhenidah Cadet College (JCC), Bangladesh